Mitos en acción 2 : Amor y aventura /
Los mitos traducen al lenguaje de la narración las problemáticas humanas. Convierten en relato aquello que no nos atrevemos o no sabemos cómo contar. Dan nombre a nuestros temores y esperanzas, encarnadura a nuestras fantasías. Ninguna problemática puede ser más humana que la del amor. Con él se des...
Guardado en:
| Autor Principal: | |
|---|---|
| Formato: | Libro |
| Publicado: |
Buenos Aires :
La Estación,
2014.
|
| Materias: | |
| Etiquetas: |
Agregar Etiqueta
Sin Etiquetas, Sea el primero en etiquetar este registro!
|
| LEADER | 02033nam a22003135a 4500 | ||
|---|---|---|---|
| 001 | CEM.cems019695 | ||
| 008 | 221011s2014##################000#0#####d | ||
| 005 | 20230810194320.0 | ||
| 245 | 1 | 0 | |a Mitos en acción 2 : |b Amor y aventura / |c Compilado por Guillermo Cácharo. |
| 260 | |a Buenos Aires : |b La Estación, |c 2014. | ||
| 300 | |a 128 p. | ||
| 505 | 0 | |a Dido y Eneas -- Ariadna y Teseo -- Psique y Eros -- Eurídice y Orfeo -- Trabajos en la estación | |
| 520 | |a Los mitos traducen al lenguaje de la narración las problemáticas humanas. Convierten en relato aquello que no nos atrevemos o no sabemos cómo contar. Dan nombre a nuestros temores y esperanzas, encarnadura a nuestras fantasías. Ninguna problemática puede ser más humana que la del amor. Con él se desatan las aventuras. Frente a él, los límites son pocos: la muerte, los dioses o uno mismo. Las cuatro historias que conforman "Mitos en acción 2" hablan de amor y aventura, de cuatro maneras entre miles que podrían darse dentro de la diversidad y la historia de los hombres. Nos cuentan y nos permiten entender un poco más de qué se trata la mayor aventura del ser humano. | ||
| 020 | |a 9789871935291 | ||
| 100 | 1 | |a Cácharo, Guillermo; comp. | |
| 653 | |a Literatura | ||
| 653 | |a Literatura argentina | ||
| 653 | |a Literatura infantil | ||
| 653 | |a Literatura Griega | ||
| 653 | |a Mitos | ||
| 653 | |a Mitos Griegos | ||
| 859 | |a CEMS |b BIB. CEMS - Inicial y Primaria |h 398.2 |i C113 |k IP |p 5619 |t Ej.1 | ||
| 859 | |a CEMS |b BIB. CEMS - Inicial y Primaria |h 398.2 |i C113 |k IP |p 5620 |t Ej.2 | ||
| 859 | |a CEMS |b BIB. CEMS - Inicial y Primaria |h 398.2 |i C113 |k IP |p 5622 |t Ej.3 | ||
| 859 | |a CEMS |b BIB. CEMS - Inicial y Primaria |h 398.2 |i C113 |k IP |p 5625 |t Ej.4 | ||
| 859 | |a CEMS |b BIB. CEMS - Inicial y Primaria |h 398.2 |i C113 |k IP |p 5624 |t Ej.5 | ||
| 859 | |a CEMS |b BIB. CEMS - Inicial y Primaria |h 398.2 |i C113 |k IP |p 5628 |t Ej.6 | ||
| 859 | |a CEMS |b BIB. CEMS - Inicial y Primaria |h 398.2 |i C113 |k IP |p 5627 |t Ej.7 | ||
| 859 | |a CEMS |b BIB. CEMS - Inicial y Primaria |h 398.2 |i C113 |k IP |p 5621 |t Ej.8 | ||
